| Tag |
First Indicator |
Second Indicator |
Subfields |
| LEADER |
00000cam a2200000 i 4500 |
| 001 |
in00004077913 |
| 005 |
20190718165212.0 |
| 008 |
180625t20192019mnu b 001 0 eng |
| 010 |
|
|
|a 2018022886
|
| 020 |
|
|
|a 9781517904302
|q paperback
|q alkaline paper
|
| 020 |
|
|
|a 1517904307
|q paperback
|q alkaline paper
|
| 020 |
|
|
|a 9781517904296
|q hardcover
|q alkaline paper
|
| 020 |
|
|
|a 1517904293
|q hardcover
|q alkaline paper
|
| 035 |
|
|
|a (OCoLC)on1050455608
|
| 040 |
|
|
|a DLC
|e rda
|c DLC
|d UtOrBLW
|
| 049 |
|
|
|a TXAM
|
| 050 |
0 |
0 |
|a B2421
|b .J3645 2019
|
| 082 |
0 |
0 |
|a 194
|2 23
|
| 100 |
1 |
|
|a James, Ian,
|d 1969-
|e author.
|0 http://id.loc.gov/authorities/names/nb99172685
|
| 245 |
1 |
4 |
|a The technique of thought :
|b Nancy, Laruelle, Malabou, and Stiegler after naturalism /
|c Ian James.
|
| 264 |
|
1 |
|a Minneapolis :
|b University of Minnesota Press,
|c [2019]
|
| 264 |
|
4 |
|c ©2019
|
| 300 |
|
|
|a xii, 247 pages ;
|c 23 cm.
|
| 336 |
|
|
|a text
|b txt
|2 rdacontent
|
| 337 |
|
|
|a unmediated
|b n
|2 rdamedia
|
| 338 |
|
|
|a volume
|b nc
|2 rdacarrier
|
| 504 |
|
|
|a Includes bibliographical references and index.
|
| 505 |
0 |
|
|a Introduction: post-continental naturalism: a question -- The image of philosophy -- The relational universe -- Generic science -- Thinking bodies -- Conclusion: the eclipse of totality.
|
| 520 |
|
|
|a The Technique of Thought explores the relationship between philosophy and science as articulated in the work of four contemporary French thinkers, Jean-Luc Nancy, François Laruelle, Catherine Malabou and Bernard Stiegler. Situating their writings within both contemporary scientific debates and the philosophy of science, Ian James elaborates a philosophical naturalism that is notably distinct from the Anglo-American tradition.
|
| 600 |
1 |
0 |
|a Nancy, Jean-Luc.
|0 http://id.loc.gov/authorities/names/n81113467
|
| 600 |
1 |
0 |
|a Laruelle, François.
|0 http://id.loc.gov/authorities/names/n80158904
|
| 600 |
1 |
0 |
|a Malabou, Catherine.
|0 http://id.loc.gov/authorities/names/no97039003
|
| 600 |
1 |
0 |
|a Stiegler, Bernard.
|0 http://id.loc.gov/authorities/names/nr94027791
|
| 650 |
|
0 |
|a Philosophy, French
|y 20th century.
|0 http://id.loc.gov/authorities/subjects/sh85100916
|
| 650 |
|
0 |
|a Philosophy, French
|y 21st century.
|0 http://id.loc.gov/authorities/subjects/sh2007003493
|
| 945 |
|
|
|b 17632
|
| 947 |
|
|
|a A14850752347
|
| 948 |
|
|
|a cataloged
|b h
|c 2019/5/15
|d c
|e dmitchel
|f 7:30:20 am
|
| 994 |
|
|
|a 92
|b TXA
|
| 999 |
f |
f |
|s 1e2066d9-25c9-3ab6-8e7d-5e32e0bd542d
|i aca48295-a4ae-3e65-a76f-866fabe54f31
|t 0
|
| 952 |
f |
f |
|p normal
|a Texas A&M University
|b College Station
|c Sterling C. Evans Library
|d Evans: Library Stacks
|t 0
|e B2421 .J3645 2019
|h Library of Congress classification
|i unmediated -- volume
|m A14850752347
|
| 998 |
f |
f |
|a B2421 .J3645 2019
|t 0
|l Evans: Library Stacks
|